MARC details
| 000 -CABECERA |
| campo de control de longitud fija |
03962nam a2200277 a 4500 |
| 001 - NÚMERO DE CONTROL |
| campo de control |
000007817 |
| 005 - FECHA Y HORA DE LA ÚLTIMA TRANSACCIÓN |
| campo de control |
20200929154316.0 |
| 008 - DATOS DE LONGITUD FIJA--INFORMACIÓN GENERAL |
| campo de control de longitud fija |
090911s2009 dr r 001 0 spa d |
| 020 ## - NÚMERO INTERNACIONAL ESTÁNDAR DEL LIBRO |
| Número Internacional Estándar del Libro |
9789945427769 |
| 040 ## - FUENTE DE LA CATALOGACIÓN |
| Centro catalogador/agencia de origen |
DO-SdBNP |
| Lengua de catalogación |
spa |
| Centro/agencia transcriptor |
BNPHU |
| 082 ## - NÚMERO DE LA CLASIFICACIÓN DECIMAL DEWEY |
| Número de clasificación |
301 |
| Número de documento/Ítem |
J94f |
| 100 1# - ENTRADA PRINCIPAL--NOMBRE DE PERSONA |
| Nombre de persona |
Julián, José Francisco, |
| Fechas asociadas al nombre |
1949- |
| 9 (RLIN) |
21527 |
| 245 10 - MENCIÓN DE TÍTULO |
| Título |
Flagelos / |
| Mención de responsabilidad, etc. |
José Francisco Julián. |
| 260 ## - PUBLICACIÓN, DISTRIBUCIÓN, ETC. |
| Lugar de publicación, distribución, etc. |
Santo Domingo : |
| Fabricante |
Búho |
| Fecha de publicación, distribución, etc. |
2009. |
| 300 ## - DESCRIPCIÓN FÍSICA |
| Extensión |
392 p. ; |
| Dimensiones |
23 cm. |
| 500 ## - NOTA GENERAL |
| Nota general |
Incluye datos biografícos del autor. |
| 504 ## - NOTA DE BIBLIOGRAFÍA, ETC. |
| Nota de bibliografía, etc. |
Bibliografía : p. 389-392. |
| 505 1# - NOTA DE CONTENIDO CON FORMATO |
| Nota de contenido con formato |
Un alerta valiente y oportuno a nuestras conciencias / Aquiles Julián -- Presentación -- 1. Las drogas -- El problema de las drogas -- Países con experiencia en el caos causado por las drogas -- Estados Unidos -- España -- Argumento -- Combate -- Escalera -- Secreto bancario -- Extradición -- Desviación -- Territorios-- Estadísticas -- Militares-- Beneficios -- Guerras -- Legalización -- Colombia -- Pablo Escobar -- Carlos Lehder -- Hermanos Rodríguez Orejuela -- Señor de los cielos -- Tipos de drogas -- FARC -- Un poco del pasado -- Personalidad del adicto -- Modelos sociales -- Productos caseros -- Comportamiento del joven debutante -- En los deportes -- Caso del general Arnaldo Ochoa -- Puerto Rico -- República Dominicana- Rolando Florián Feliz -- Quirino Ernesto Paulino -- Manuel Antonio Noriega -- México -- Carteles -- Cardenal Juan de Jesús Posada Ocampo -- El alcohol -- Al capone -- Babe face Nelson -- Medicamentos: El naltrexone y antabuse -- Otras consecuencias -- El tabaco -- Tipos de curados -- Descripción minuciosa de los componentes del cigarrillo -- Monóxido de carbono -- Comentarios -- Mito de los Indios Hurones -- Infracción grave -- Comentario -- Jurisprudencia sobre drogas. |
| 505 1# - NOTA DE CONTENIDO CON FORMATO |
| Nota de contenido con formato |
2. Violencia intrafamiliar -- Violencia intrafamiliar -- Agresiones entre Estados -- Violencia en la pareja -- Conducta de la mujer violada -- Terapeuta o psicólogo -- Historial -- Estadísticas -- Acoso sexual -- Posibilidades de prevención -- psicópatas -- Motivos de homicidios -- Países -- Aborto -- Artículo 317 del Código Penal -- Efectos -- Agresión contra el menor -- El niño modelo -- Errores educativos más frecuentes -- Abuso sexual del menor -- Signos de abuso sexual en los adolescentes -- Datos a tener en cuenta -- Jurisprudencia -- Parricidio -- Infanticidio -- Los elementos constitutivos -- Envenenamiento -- Personas mayores -- Pepe González -- Moraleja -- El divorcio -- Profamilia -- Señales de suicidio -- Análisis ley 24-97 contra la violencia intrafamiliar -- En resumen -- Violencia reprimida -- Violencia explícita e implícita -- Violencia del estado contra ciudadanos -- Presión escrita -- Paz -- Paz en la tormenta -- 3. El problema haitiano -- Perfil haitiano -- Pasado borroso -- Toussaint Louverture -- Dessalines -- La junta de Bondillo -- Juan Sánchez Ramírez --- Todas estas medidas se tomaron en el gobierno de Boyer -- Llegada de Duarte -- El papel de la Iglesia en el gobierno de Boyer -- Oposición criolla de Boyer y predominio haitiano -- Entendimiento -- Colorido -- Generalísimo -- Razones de la matanza -- Pedro Santana -- Pro y antihaitianismo a traves de la historia -- Pasado reciente -- Bateyes -- Clasificación -- Corrientes migratorias -- Datos importantes -- Visión social -- Invasión americana -- Situación de la parte española -- Industria azucarera moderna -- San Pedro de Macorís -- Figuras -- De fronteras, migraciones y repatriaciones -- Conclusiones -- Bibliografía. |
| 650 #4 - PUNTO DE ACCESO ADICIONAL DE MATERIA--TÉRMINO DE MATERIA |
| Término de materia o nombre geográfico como elemento de entrada |
América latina |
| Subdivisión general |
Aspectos sociales |
| 9 (RLIN) |
21528 |
| 650 #4 - PUNTO DE ACCESO ADICIONAL DE MATERIA--TÉRMINO DE MATERIA |
| Término de materia o nombre geográfico como elemento de entrada |
Abuso de drogas |
| Subdivisión general |
Cuestiones sociales y morales |
| 9 (RLIN) |
21529 |
| 650 #4 - PUNTO DE ACCESO ADICIONAL DE MATERIA--TÉRMINO DE MATERIA |
| Término de materia o nombre geográfico como elemento de entrada |
Violencia familiar |
| Subdivisión general |
Cuestiones sociales y morales |
| 9 (RLIN) |
21530 |
| 650 #4 - PUNTO DE ACCESO ADICIONAL DE MATERIA--TÉRMINO DE MATERIA |
| Término de materia o nombre geográfico como elemento de entrada |
Haití |
| Subdivisión general |
Emigración e inmigración |
| Subdivisión geográfica |
República Dominicana |
| 9 (RLIN) |
21531 |
| 650 #4 - PUNTO DE ACCESO ADICIONAL DE MATERIA--TÉRMINO DE MATERIA |
| Término de materia o nombre geográfico como elemento de entrada |
República dominicana |
| Subdivisión general |
Emigración e inmigración |
| Subdivisión geográfica |
Haití |
| 9 (RLIN) |
21532 |
| 910 ## - DATOS DE OPCIÓN DEL USUARIO (OCLC) |
| Datos de opción del usuario |
Validado. Control de calidad. MMOLINA |